000 00377nam a22001577a 4500
005 20160426155520.0
008 160426b xxu||||| |||| 00| 0 eng d
020 _a978-81-317-1131-6
041 _aeng
082 _b00175
100 _aKrajewsh, Lee
_959
245 _aOperations Management
260 _aNew Delhi
_bPearson Prantics Hall,
_c2009
300 _a738
942 _cBK
999 _c54
_d54